[Event "Frauenbundesliga 2018/2019"]
[Site "St.Veit/Glan Fuchspalast & Blumenhalle; Jenbach Veranstaltungszentrum"]
[Date "2019.03.30"]
[Round "6"]
[Board "3"]
[White "Kordzadze, Nino"]
[Black "Moerwald, Miriam"]
[Result "1/2-1/2"]
[WhiteElo "1977"]
[BlackElo "1679"]
[PlyCount "84"]
[EventDate "2018.11.17"]
[EventType "team"]
[EventRounds "7"]
[EventCountry "AUT"]
[WhiteTeam "SK Advisory Invest Baden"]
[BlackTeam "SV Wulkaprodersdorf"]

1.d4 d5 2.Nf3 e6 3.g3 Nf6 4.Bg2 c6 5.O-O Be7 6.b3 O-O 7.Bb2 Nbd7 8.Nbd2 b6 9.Ne5 Nxe5
10.dxe5 Nd7 11.e4 f6 12.exf6 Bxf6 13.Bxf6 Qxf6 14.f4 Nc5 15.e5 Qe7 16.a4 a5 17.Qg4
Rf7 18.Rae1 Ba6 19.Rf2 Raf8 20.Bf1 Bxf1 21.Rfxf1 Rf5 22.Nf3 R5f7 23.Nd4 Qd7 24.c3
Re7 25.f5 exf5 26.Nxf5 Re6 27.b4 axb4 28.cxb4 Rg6 29.Qf3 Ne6 30.Qe3 Qc7 31.Nh4 Rxf1+
32.Rxf1 Rg4 33.Qf3 Rxb4 34.Nf5 Rxa4 35.Qh5 Ra8 36.Nd6 Rf8 37.Rxf8+ Nxf8 38.Qe8 Qa7
39.Qxc6 Qa1+ 40.Kg2 Qxe5 41.Qxb6 Qe2+ 42.Qf2 Qxf2+ 1/2-1/2

[Event "Frauenbundesliga 2018/2019"]
[Site "St.Veit/Glan Fuchspalast & Blumenhalle; Jenbach Veranstaltungszentrum"]
[Date "2019.03.30"]
[Round "6"]
[Board "4"]
[White "Tschida, Verena"]
[Black "Molnar, Monika"]
[Result "1-0"]
[WhiteElo "1612"]
[BlackElo "1770"]
[PlyCount "61"]
[EventDate "2018.11.17"]
[EventType "team"]
[EventRounds "7"]
[EventCountry "AUT"]
[WhiteTeam "SV Wulkaprodersdorf"]
[BlackTeam "SK Advisory Invest Baden"]

1.d4 d5 2.c4 e6 3.Nc3 c6 4.e3 Nf6 5.Nf3 Bd6 6.Be2 Nbd7 7.cxd5 exd5 8.O-O O-O 9.b3
Re8 10.Bb2 Nf8 11.Na4 Ne4 12.Rc1 Qe7 13.Rc2 Bf5 14.Bd3 Bg4 15.Be2 Ng6 16.h3 Bf5 17.Bd3
Rac8 18.Nc5 b6 19.Na4 Qd7 20.Ne5 Nxe5 21.dxe5 Bxe5 22.Bxe5 Rxe5 23.g4 b5 24.Nc5 Nxc5
25.Bxf5 Ne6 26.Qd3 g6 27.f4 Rxe3 28.Qxe3 gxf5 29.gxf5 Nf8 30.Rg2+ Kh8 31.Qe5+ 1-0

[Event "Frauenbundesliga 2018/2019"]
[Site "St.Veit/Glan Fuchspalast & Blumenhalle; Jenbach Veranstaltungszentrum"]
[Date "2019.03.30"]
[Round "6"]
[Board "1"]
[White "Frey, Alisa"]
[Black "Rozman, Monika"]
[Result "1-0"]
[WhiteElo "2078"]
[BlackElo "2077"]
[PlyCount "59"]
[EventDate "2018.11.17"]
[EventType "team"]
[EventRounds "7"]
[EventCountry "AUT"]
[WhiteTeam "SK DolomitenBank Lienz"]
[BlackTeam "SV Chesshero Rapid Feffernitz"]

1.e4 c5 2.Nf3 d6 3.d4 cxd4 4.Nxd4 Nf6 5.Nc3 a6 6.f3 e6 7.Be3 b5 8.Qd2 Nbd7 9.g4 h6
10.h4 Bb7 11.Rg1 b4 12.Nce2 Nc5 13.O-O-O d5 14.g5 Nfd7 15.exd5 Bxd5 16.Nf4 Bxa2 17.g6
e5 18.gxf7+ Bxf7 19.Nf5 Qa5 20.Nd6+ Bxd6 21.Qxd6 O-O-O 22.Nd5 Rhe8 23.Rxg7 Re6 24.Ne7+
Rxe7 25.Qxe7 Nb3+ 26.cxb3 Qa1+ 27.Kd2 Qxb2+ 28.Ke1 Qxb3 29.Bxa6+ Kc7 30.Qd6# 1-0

[Event "Frauenbundesliga 2018/2019"]
[Site "St.Veit/Glan Fuchspalast & Blumenhalle; Jenbach Veranstaltungszentrum"]
[Date "2019.03.30"]
[Round "6"]
[Board "3"]
[White "Landl, Margot"]
[Black "Zoehrer, Sarah"]
[Result "1-0"]
[WhiteElo "1942"]
[BlackElo "1694"]
[PlyCount "57"]
[EventDate "2018.11.17"]
[EventType "team"]
[EventRounds "7"]
[EventCountry "AUT"]
[WhiteTeam "SK DolomitenBank Lienz"]
[BlackTeam "SV Chesshero Rapid Feffernitz"]

1.e4 d5 2.exd5 Qxd5 3.Nc3 Qd6 4.d4 Nf6 5.Nf3 a6 6.Bd3 Bg4 7.Be3 Nc6 8.Qe2 Rd8 9.O-O-O
b5 10.h3 Be6 11.Bxb5 axb5 12.Nxb5 Qd7 13.c4 Nb8 14.Bf4 Na6 15.Ne5 Qc8 16.Nc6 Rd7 17.g4
Qa8 18.Ne5 Rd8 19.d5 Bd7 20.Nxd7 Rxd7 21.g5 Ng8 22.Rhe1 Kd8 23.Rd3 c6 24.dxc6 Qxc6
25.Rxd7+ Kxd7 26.Rd1+ Ke8 27.Qd3 Qc8 28.Na7 Qa8 29.Qd7# 1-0

[Event "Frauenbundesliga 2018/2019"]
[Site "St.Veit/Glan Fuchspalast & Blumenhalle; Jenbach Veranstaltungszentrum"]
[Date "2019.03.30"]
[Round "6"]
[Board "4"]
[White "Zeber, Katja"]
[Black "Majkovski, Sarah"]
[Result "1-0"]
[WhiteElo "1568"]
[BlackElo "1661"]
[PlyCount "57"]
[EventDate "2018.11.17"]
[EventType "team"]
[EventRounds "7"]
[EventCountry "AUT"]
[WhiteTeam "SV Chesshero Rapid Feffernitz"]
[BlackTeam "SK DolomitenBank Lienz"]

1.e4 e5 2.Nf3 Nc6 3.Bc4 Bc5 4.c3 Nf6 5.d3 d6 6.h3 h6 7.O-O Be6 8.Bb5 a6 9.Bxc6+ bxc6
10.Be3 Ba7 11.Nbd2 O-O 12.d4 exd4 13.cxd4 Re8 14.Qc2 Qd7 15.Kh2 Re7 16.a3 Rae8 17.d5
Bxe3 18.dxe6 Rxe6 19.fxe3 Nxe4 20.Rae1 c5 21.Nh4 g6 22.Rf3 Ng5 23.Rg3 R8e7 24.Qc3
f5 25.Rf1 Qe8 26.Nxf5 gxf5 27.Rxf5 Rxe3 28.Rfxg5+ hxg5 29.Rxg5+ 1-0

[Event "Frauenbundesliga 2018/2019"]
[Site "St.Veit/Glan Fuchspalast & Blumenhalle; Jenbach Veranstaltungszentrum"]
[Date "2019.03.30"]
[Round "6"]
[Board "1"]
[White "Polterauer, Chiara"]
[Black "Novkovic, Julia"]
[Result "1-0"]
[WhiteElo "2218"]
[BlackElo "2107"]
[PlyCount "75"]
[EventDate "2018.11.17"]
[EventType "team"]
[EventRounds "7"]
[EventCountry "AUT"]
[WhiteTeam "SV "Monatsblatt" St.Veit/Glan"]
[BlackTeam "SK Dornbirn"]

1.e4 e5 2.Nf3 Nc6 3.Bb5 Nf6 4.Nc3 Bb4 5.O-O O-O 6.Nd5 Bd6 7.Re1 Nxd5 8.exd5 Nd4 9.Nxd4
exd4 10.Qg4 c6 11.Bc4 Qf6 12.d3 Bc5 13.Bg5 Qg6 14.Qg3 Bb4 15.Re4 a5 16.a4 h6 17.Bf4
Qxg3 18.Bxg3 cxd5 19.Bxd5 Bc5 20.Rae1 Ra6 21.Be5 d6 22.Bxd4 Bf5 23.Rf4 Be6 24.Rxe6
fxe6 25.Bxe6+ Kh7 26.Rxf8 Bxd4 27.c3 d5 28.Bg8+ Kg6 29.cxd4 Rb6 30.Bxd5 Rxb2 31.Be4+
Kh5 32.g3 Rb4 33.Kg2 Rxd4 34.Rf5+ g5 35.Rxa5 b5 36.Rxb5 Rxa4 37.Kh3 Rb4 38.g4# 1-0

[Event "Frauenbundesliga 2018/2019"]
[Site "St.Veit/Glan Fuchspalast & Blumenhalle; Jenbach Veranstaltungszentrum"]
[Date "2019.03.30"]
[Round "6"]
[Board "2"]
[White "Karner, Sylvia"]
[Black "Hiebler, Laura"]
[Result "0-1"]
[WhiteElo "1667"]
[BlackElo "2023"]
[PlyCount "76"]
[EventDate "2018.11.17"]
[EventType "team"]
[EventRounds "7"]
[EventCountry "AUT"]
[WhiteTeam "SK Dornbirn"]
[BlackTeam "SV "Monatsblatt" St.Veit/Glan"]

1.d4 Nf6 2.Nf3 e6 3.c4 b6 4.Nc3 Bb4 5.Qc2 Bb7 6.a3 Bxc3+ 7.Qxc3 O-O 8.Bg5 h6 9.Bh4
d6 10.e3 Nbd7 11.Be2 g5 12.Bg3 Ne4 13.Qc2 f5 14.O-O-O Ndf6 15.Ne1 Kg7 16.f3 Nxg3 17.hxg3
Qe7 18.Bd3 c5 19.Qe2 d5 20.Nc2 b5 21.cxb5 c4 22.Bxc4 dxc4 23.Qxc4 Rfc8 24.Qe2 Bd5
25.Kb1 Bc4 26.Qd2 Bxb5 27.d5 Nxd5 28.Nd4 Ba4 29.Rc1 Nf6 30.Rc3 Rxc3 31.Qxc3 Kg6 32.Rc1
Rb8 33.Ka1 Nd5 34.Qc4 Qb7 35.b4 Qd7 36.e4 fxe4 37.fxe4 Ne3 38.e5 Nxc4 0-1

[Event "Frauenbundesliga 2018/2019"]
[Site "St.Veit/Glan Fuchspalast & Blumenhalle; Jenbach Veranstaltungszentrum"]
[Date "2019.03.30"]
[Round "6"]
[Board "3"]
[White "Tarmastin, Laura"]
[Black "Pribozic, Sabrina"]
[Result "1-0"]
[WhiteElo "1895"]
[BlackElo "1520"]
[PlyCount "85"]
[EventDate "2018.11.17"]
[EventType "team"]
[EventRounds "7"]
[EventCountry "AUT"]
[WhiteTeam "SV "Monatsblatt" St.Veit/Glan"]
[BlackTeam "SK Dornbirn"]

1.Nf3 d5 2.g3 Nf6 3.Bg2 Bg4 4.c4 c6 5.b3 h6 6.Bb2 Nbd7 7.d4 e6 8.O-O Be7 9.Na3 O-O
10.Nc2 Bf5 11.Re1 Rc8 12.Nd2 Re8 13.h3 Bf8 14.e4 dxe4 15.Nxe4 Nxe4 16.Bxe4 Bxe4 17.Rxe4
Nf6 18.Re1 c5 19.Qf3 b6 20.Rad1 cxd4 21.Nxd4 Qc7 22.Nb5 Qc6 23.Qxc6 Rxc6 24.Nxa7 Rc7
25.Nb5 Rcc8 26.Nd6 Bxd6 27.Rxd6 Rb8 28.a4 Rec8 29.Be5 Rb7 30.Red1 Ne4 31.Rd8+ Rxd8
32.Rxd8+ Kh7 33.Rb8 Rxb8 34.Bxb8 Nc5 35.Bc7 Nd7 36.Kg2 Kg6 37.Kf3 f5 38.Ke3 e5 39.a5
bxa5 40.Bxa5 Kf6 41.b4 Ke6 42.Bc7 g5 43.b5 1-0

[Event "Frauenbundesliga 2018/2019"]
[Site "St.Veit/Glan Fuchspalast & Blumenhalle; Jenbach Veranstaltungszentrum"]
[Date "2019.03.30"]
[Round "6"]
[Board "4"]
[White "Bas, Aydan"]
[Black "Krassnitzer, Maria"]
[Result "0-1"]
[WhiteElo "1486"]
[BlackElo "1638"]
[PlyCount "42"]
[EventDate "2018.11.17"]
[EventType "team"]
[EventRounds "7"]
[EventCountry "AUT"]
[WhiteTeam "SK Dornbirn"]
[BlackTeam "SV "Monatsblatt" St.Veit/Glan"]

1.e4 d5 2.exd5 Qxd5 3.Nc3 Qa5 4.d4 Nf6 5.Nf3 Bg4 6.h3 Bf5 7.Bd2 c6 8.Bc4 e6 9.O-O
Qc7 10.Re1 Nbd7 11.d5 cxd5 12.Bxd5 O-O-O 13.Bb3 a6 14.Qe2 h6 15.a4 g5 16.Be3 g4 17.Nd4
gxh3 18.Nxf5 exf5 19.Bxf7 Ng4 20.f4 Nxe3 21.Qxe3 Bc5 0-1

[Event "Frauenbundesliga 2018/2019"]
[Site "St.Veit/Glan Fuchspalast & Blumenhalle; Jenbach Veranstaltungszentrum"]
[Date "2019.03.31"]
[Round "7"]
[Board "1"]
[White "Frey, Alisa"]
[Black "Theissl-Pokorna, Regina"]
[Result "0-1"]
[WhiteElo "2078"]
[BlackElo "2304"]
[PlyCount "68"]
[EventDate "2018.11.17"]
[EventType "team"]
[EventRounds "7"]
[EventCountry "AUT"]
[WhiteTeam "SK DolomitenBank Lienz"]
[BlackTeam "ASVOE Pamhagen"]

1. e4 e5 2. Nf3 Nc6 3. Bb5 a6 4. Ba4 Nf6 5. O-O Be7 6. Re1 b5 7. Bb3 d6 8. c3
O-O 9. h3 Na5 10. Bc2 c5 11. d4 Qc7 12. Nbd2 cxd4 13. cxd4 Nc6 14. Nb3 a5 15.
d5 Nb4 16. Bb1 a4 17. Nbd2 Bd7 18. a3 Na6 19. b4 axb3 20. Nxb3 Nc5 21. Bd2 g6
22. Qc1 Nh5 23. Nxc5 dxc5 24. Bc3 Bd6 25. Qh6 f6 26. Qd2 Nf4 27. Rc1 Ra6 28.
Ne1 Rfa8 29. Nd3 Nxd3 30. Bxd3 c4 31. Bc2 Rxa3 32. Rxa3 Rxa3 33. f4 b4 34. Ba1
Qa7+  0-1

[Event "Frauenbundesliga 2018/2019"]
[Site "St.Veit/Glan Fuchspalast & Blumenhalle; Jenbach Veranstaltungszentrum"]
[Date "2019.03.31"]
[Round "7"]
[Board "3"]
[White "Landl, Margot"]
[Black "Mira, Helene"]
[Result "1-0"]
[WhiteElo "1942"]
[BlackElo "2064"]
[PlyCount "127"]
[EventDate "2018.11.17"]
[EventType "team"]
[EventRounds "7"]
[EventCountry "AUT"]
[WhiteTeam "SK DolomitenBank Lienz"]
[BlackTeam "ASVOE Pamhagen"]

1. e4 e5 2. Nf3 Nc6 3. Bb5 a6 4. Ba4 Nf6 5. O-O Be7 6. Bxc6 dxc6 7. d3 Nd7 8.
Nbd2 O-O 9. Nc4 f6 10. Nh4 g6 11. Qg4 Nc5 12. Qg3 Kh8 13. f4 exf4 14. Nxg6+
hxg6 15. Qxg6 Qe8 16. Qh6+ Kg8 17. Bxf4 Qf7 18. Bxc7 Qh7 19. Qe3 Ne6 20. Bd6 b5
21. Bxe7 Qxe7 22. Nb6 Qa7 23. Kh1 Ng7 24. Rae1 Rb8 25. Nxc8 Qxe3 26. Rxe3 Rbxc8
27. Ref3 Ne8 28. Rf5 Kf7 29. g4 Ke6 30. g5 Rc7 31. e5 Rh7 32. exf6 Rfh8 33.
R5f2 Kf7 34. g6+ Kxg6 35. f7 Rf8 36. fxe8=Q+ Rxe8 37. Rg1+ Kh5 38. Rg3 Rhe7 39.
Kg2 a5 40. Rf4 Re5 41. Kh3 Rg5 42. Rxg5+ Kxg5 43. Rf2 b4 44. Kg3 Re3+ 45. Rf3
Re2 46. h4+ Kg6 47. Rf2 Re3+ 48. Kf4 Rh3 49. Kg4 Rh1 50. b3 Ra1 51. h5+ Kg7 52.
Rf5 a4 53. bxa4 Rxa2 54. Rc5 Rxa4 55. Rxc6 b3+ 56. Kf3 bxc2 57. Rxc2 Kh6 58.
Rh2 Ra8 59. d4 Rd8 60. Ke4 Re8+ 61. Kf5 Rf8+ 62. Ke6 Re8+ 63. Kd7 Re4 64. d5
 1-0

[Event "Frauenbundesliga 2018/2019"]
[Site "St.Veit/Glan Fuchspalast & Blumenhalle; Jenbach Veranstaltungszentrum"]
[Date "2019.03.31"]
[Round "7"]
[Board "4"]
[White "Kosc, Renata"]
[Black "Majkovski, Sarah"]
[Result "1-0"]
[WhiteElo "1990"]
[BlackElo "1661"]
[PlyCount "87"]
[EventDate "2018.11.17"]
[EventType "team"]
[EventRounds "7"]
[EventCountry "AUT"]
[WhiteTeam "ASVOE Pamhagen"]
[BlackTeam "SK DolomitenBank Lienz"]

1. e4 e5 2. Bc4 Nc6 3. Nc3 Bc5 4. Qg4 Nd4 5. Qxg7 Qf6 6. Qxf6 Nxf6 7. Bd3 Rg8
8. g3 b6 9. f3 Bb7 10. Nce2 a5 11. Nxd4 Bxd4 12. Ne2 Bc5 13. b3 d5 14. Nc3 d4
15. Na4 Bd6 16. Nb2 c5 17. Bb5+ Ke7 18. d3 h5 19. Nc4 Bc7 20. Kf2 Rg7 21. Bd2
Rag8 22. Rag1 Bc8 23. h4 Be6 24. Bg5 Bc8 25. Bc6 Ke6 26. a4 Nh7 27. Bd5+ Kd7
28. Bh6 Nf6 29. Bxg7 Rxg7 30. Rh2 Ke7 31. Bc6 Kf8 32. Bb5 Ke7 33. Nb2 Kf8 34.
Ke2 Ke7 35. Nd1 Nh7 36. Nf2 Kf8 37. g4 Nf6 38. Rhg2 Rh7 39. g5 Nd7 40. g6 fxg6
41. Rxg6 Bd8 42. Rg8+ Ke7 43. R1g7+ Rxg7 44. Rxg7+  1-0

[Event "Frauenbundesliga 2018/2019"]
[Site "St.Veit/Glan Fuchspalast & Blumenhalle; Jenbach Veranstaltungszentrum"]
[Date "2019.03.31"]
[Round "7"]
[Board "1"]
[White "Rozman, Monika"]
[Black "Brunello, Marina"]
[Result "1/2-1/2"]
[WhiteElo "2077"]
[BlackElo "2356"]
[PlyCount "97"]
[EventDate "2018.11.17"]
[EventType "team"]
[EventRounds "7"]
[EventCountry "AUT"]
[WhiteTeam "SV Chesshero Rapid Feffernitz"]
[BlackTeam "Schach ohne Grenzen"]

1. e4 c5 2. Nf3 d6 3. d4 cxd4 4. Nxd4 Nf6 5. Nc3 a6 6. Be3 e5 7. Nb3 Be6 8. f3
h5 9. Qd2 Nbd7 10. O-O-O Qc7 11. Rg1 Rc8 12. Kb1 b5 13. Bd3 Nb6 14. Bxb5+ axb5
15. Nxb5 Qc4 16. Nxd6+ Bxd6 17. Bxb6 Be7 18. Qf2 O-O 19. h3 Ra8 20. Nc1 Rfc8
21. b3 Qb5 22. g4 Nd7 23. Rxd7 Qxd7 24. gxh5 Bf6 25. Nd3 Qb5 26. f4 Qa6 27. Nc1
Qb5 28. f5 Rc6 29. fxe6 Rxe6 30. Be3 Rc8 31. Bg5 {[%emt 0:00:00]} Bxg5 32. Rxg5
Rec6 33. Qg2 Rxc2 34. Rxg7+ Kh8 35. Rg8+ Rxg8 36. Qxc2 Rg1 37. Qc8+ Kh7 38.
Qf5+ Kh8 39. Qf6+ Kh7 40. Qxf7+ Rg7 41. Qf5+ Kh6 42. Qf8 Kh7 43. a4 Qa5 44. Qf2
Qc3 45. h4 Rc7 46. Qf5+ Kg7 47. Qg6+ Kf8 48. Qf6+ Ke8 49. Qe6+  1/2-1/2

[Event "Frauenbundesliga 2018/2019"]
[Site "St.Veit/Glan Fuchspalast & Blumenhalle; Jenbach Veranstaltungszentrum"]
[Date "2019.03.31"]
[Round "7"]
[Board "2"]
[White "Stangl, Anita"]
[Black "Hercog, Nusa"]
[Result "0-1"]
[WhiteElo "2008"]
[BlackElo "2034"]
[PlyCount "80"]
[EventDate "2018.11.17"]
[EventType "team"]
[EventRounds "7"]
[EventCountry "AUT"]
[WhiteTeam "Schach ohne Grenzen"]
[BlackTeam "SV Chesshero Rapid Feffernitz"]

1. e4 {[%emt 0:00:00]} c5 {[%emt 0:00:00]} 2. Nf3 e6 3. d4 cxd4 4. Nxd4 Nc6 5.
Nc3 Qc7 6. Be3 a6 7. Qd2 Nf6 8. f3 Be7 9. O-O-O b5 10. g4 Nxd4 11. Qxd4 Bb7 12.
Rd2 Rd8 13. h4 O-O 14. h5 b4 15. Ne2 d5 16. Qb6 Qc8 17. h6 dxe4 18. hxg7 Rfe8
19. f4 Rxd2 20. Kxd2 Nxg4 21. Kc1 Qc6 22. Qxc6 Bxc6 23. Bd4 Bd5 24. Rg1 Nh2 25.
Ng3 Nf3 26. Be3 Nxg1 27. Bxg1 Kxg7 28. Bd4+ Kg8 29. Bxa6 Ra8 30. Be2 Rxa2 31.
b3 Bh4 32. Kb1 Ra8 33. Nf1 f5 34. Ne3 Be1 35. Bb5 Kf7 36. Ba4 Bd2 37. Kb2 h5
38. Ng2 Rg8 39. Ne3 h4 40. Bd7 h3  0-1

[Event "Frauenbundesliga 2018/2019"]
[Site "St.Veit/Glan Fuchspalast & Blumenhalle; Jenbach Veranstaltungszentrum"]
[Date "2019.03.31"]
[Round "7"]
[Board "3"]
[White "Zoehrer, Sarah"]
[Black "Anker, Christin"]
[Result "1/2-1/2"]
[WhiteElo "1694"]
[BlackElo "1802"]
[PlyCount "37"]
[EventDate "2018.11.17"]
[EventType "team"]
[EventRounds "7"]
[EventCountry "AUT"]
[WhiteTeam "SV Chesshero Rapid Feffernitz"]
[BlackTeam "Schach ohne Grenzen"]

1. d4 d5 2. Bf4 Nf6 3. e3 e6 4. Bd3 c5 5. c3 Nc6 6. Nf3 c4 7. Bc2 Be7 8. Nbd2
Bd7 9. Ne5 b5 10. O-O b4 11. e4 O-O 12. Qf3 a5 13. Qh3 g6 14. Bh6 Re8 15. g4
Bf8 16. Bg5 Be7 17. Bh6 Bf8 18. Bg5 Be7 19. Bh6  1/2-1/2

[Event "Frauenbundesliga 2018/2019"]
[Site "St.Veit/Glan Fuchspalast & Blumenhalle; Jenbach Veranstaltungszentrum"]
[Date "2019.03.31"]
[Round "7"]
[Board "4"]
[White "Kimpel, Janine"]
[Black "Zeber, Katja"]
[Result "1/2-1/2"]
[WhiteElo "1918"]
[BlackElo "1568"]
[PlyCount "87"]
[EventDate "2018.11.17"]
[EventType "team"]
[EventRounds "7"]
[EventCountry "AUT"]
[WhiteTeam "Schach ohne Grenzen"]
[BlackTeam "SV Chesshero Rapid Feffernitz"]

1. e4 e5 2. Nf3 Nc6 3. Bc4 Bc5 4. c3 Nf6 5. d3 d6 6. Bb3 h6 7. h3 O-O 8. Nbd2
Re8 9. Nf1 d5 10. Qe2 dxe4 11. dxe4 b6 12. Ng3 Bb7 13. O-O Qe7 14. Nh4 Kh8 15.
Nhf5 Qf8 16. Qf3 Be7 17. Nxe7 Nxe7 18. Re1 Neg8 19. Qd3 Rad8 20. Qc4 Re7 21. f3
c6 22. Be3 Red7 23. a4 Kh7 24. Qe2 Ne7 25. a5 Nc8 26. Qf2 c5 27. Ba4 Rc7 28.
Rad1 Bc6 29. Bb3 Rcd7 30. Nf5 Rxd1 31. Rxd1 Rxd1+ 32. Bxd1 Bd7 33. g4 Bxf5 34.
exf5 Nd5 35. axb6 axb6 36. Bd2 Nd6 37. Bb3 Nf4 38. Bxf4 exf4 39. Qd2 g5 40. f6
c4 41. Bc2+ Kh8 42. Qd4 b5 43. Qd5 Qe8 44. Qd2  1/2-1/2

[Event "Frauenbundesliga 2018/2019"]
[Site "St.Veit/Glan Fuchspalast & Blumenhalle; Jenbach Veranstaltungszentrum"]
[Date "2019.03.31"]
[Round "7"]
[Board "1"]
[White "Cvitan, Ena"]
[Black "Polterauer, Chiara"]
[Result "1/2-1/2"]
[WhiteElo "2203"]
[BlackElo "2218"]
[PlyCount "61"]
[EventDate "2018.11.17"]
[EventType "team"]
[EventRounds "7"]
[EventCountry "AUT"]
[WhiteTeam "SV Wulkaprodersdorf"]
[BlackTeam "SV "Monatsblatt" St.Veit/Glan"]

1. d4 d5 2. c4 dxc4 3. e3 Nf6 4. Bxc4 e6 5. Nf3 c5 6. O-O a6 7. dxc5 Bxc5 8.
Qxd8+ Kxd8 9. b3 Nc6 10. Bb2 Ke7 11. Nbd2 Rd8 12. Rfd1 Bd7 13. Rac1 Bd6 14. Be2
Kf8 15. Nc4 Bc7 16. Nfe5 Be8 17. Bf3 Nd5 18. Bxd5 exd5 19. Nxc6 bxc6 20. Ne5
Bxe5 21. Bxe5 f6 22. Bd4 Kf7 23. Rc5 Rdb8 24. Rdc1 Rb5 25. h4 h5 26. f3 Rab8
27. Kf2 Rxc5 28. Rxc5 Rb5 29. Rxb5 cxb5 30. b4 Ke6 31. g4  1/2-1/2

[Event "Frauenbundesliga 2018/2019"]
[Site "St.Veit/Glan Fuchspalast & Blumenhalle; Jenbach Veranstaltungszentrum"]
[Date "2019.03.31"]
[Round "7"]
[Board "2"]
[White "Hiebler, Laura"]
[Black "Moerwald, Magdalena"]
[Result "1-0"]
[WhiteElo "2023"]
[BlackElo "1838"]
[PlyCount "59"]
[EventDate "2018.11.17"]
[EventType "team"]
[EventRounds "7"]
[EventCountry "AUT"]
[WhiteTeam "SV "Monatsblatt" St.Veit/Glan"]
[BlackTeam "SV Wulkaprodersdorf"]

1. c4 Nf6 2. g3 e5 3. Bg2 Nc6 4. Nc3 Bc5 5. Nf3 O-O 6. O-O Re8 7. d3 h6 8. a3
a5 9. e3 Ba7 10. Bd2 e4 11. dxe4 Nxe4 12. Nxe4 Rxe4 13. Nd4 Re8 14. Nxc6 bxc6
15. Bxa5 Bxe3 16. Bc3 Bg5 17. b4 Rb8 18. Qd3 Bb7 19. Rfd1 d6 20. a4 Qd7 21.
Rab1 Red8 22. a5 Ba6 23. Bf1 Qg4 24. h3 Qe6 25. Re1 Qd7 26. h4 Be7 27. Bh3 Qxh3
28. Rxe7 d5 29. Qf3 f6 30. Bxf6  1-0

[Event "Frauenbundesliga 2018/2019"]
[Site "St.Veit/Glan Fuchspalast & Blumenhalle; Jenbach Veranstaltungszentrum"]
[Date "2019.03.31"]
[Round "7"]
[Board "3"]
[White "Moerwald, Miriam"]
[Black "Tarmastin, Laura"]
[Result "0-1"]
[WhiteElo "1679"]
[BlackElo "1895"]
[PlyCount "86"]
[EventDate "2018.11.17"]
[EventType "team"]
[EventRounds "7"]
[EventCountry "AUT"]
[WhiteTeam "SV Wulkaprodersdorf"]
[BlackTeam "SV "Monatsblatt" St.Veit/Glan"]

1. e4 e5 2. Nf3 Nc6 3. Bb5 a6 4. Ba4 Nf6 5. O-O Be7 6. Re1 b5 7. Bb3 O-O 8. c3
d6 9. h3 Na5 10. Bc2 c5 11. d4 Qc7 12. Nbd2 Rd8 13. d5 Bf8 14. Nf1 g6 15. Bg5
Bg7 16. Ng3 b4 17. cxb4 cxb4 18. Rc1 Nb7 19. Ba4 Qa5 20. Be3 Bd7 21. Bxd7 Nxd7
22. Qc2 Nbc5 23. Qb1 Qb5 24. Red1 a5 25. Nd2 a4 26. Nc4 Bf8 27. f3 Rdc8 28. b3
axb3 29. axb3 Ra6 30. Qb2 Rca8 31. Rc2 Be7 32. Nh1 f5 33. Nf2 f4 34. Bd2 Nb6
35. Be1 Nbd7 36. Nd3 Nxd3 37. Rxd3 Ra1 38. Rc1 Rxc1 39. Qxc1 Nc5 40. Rd1 Nxb3
41. Qc2 Nd4 42. Qd3 Rc8 43. Rc1 b3  0-1

[Event "Frauenbundesliga 2018/2019"]
[Site "St.Veit/Glan Fuchspalast & Blumenhalle; Jenbach Veranstaltungszentrum"]
[Date "2019.03.31"]
[Round "7"]
[Board "4"]
[White "Krassnitzer, Maria"]
[Black "Tschida, Verena"]
[Result "1-0"]
[WhiteElo "1638"]
[BlackElo "1612"]
[PlyCount "83"]
[EventDate "2018.11.17"]
[EventType "team"]
[EventRounds "7"]
[EventCountry "AUT"]
[WhiteTeam "SV "Monatsblatt" St.Veit/Glan"]
[BlackTeam "SV Wulkaprodersdorf"]

1. d4 d5 2. Bf4 Nf6 3. Nf3 Bg4 4. e3 e6 5. h3 Bh5 6. Be2 Bd6 7. Bxd6 cxd6 8.
O-O Qb6 9. b3 Nbd7 10. Nbd2 Ne4 11. Nxe4 dxe4 12. Nd2 Bxe2 13. Qxe2 d5 14. c4
O-O 15. Rfc1 Rac8 16. c5 Qc7 17. b4 e5 18. Nb3 f5 19. b5 Rf6 20. a4 f4 21. a5
f3 22. Qb2 fxg2 23. b6 axb6 24. cxb6 Qd8 25. Rxc8 Qxc8 26. dxe5 Rh6 27. Nd4
Nxe5 28. Qb5 Qd8 29. Rc1 Nf3+ 30. Kxg2 Rg6+ 31. Kh1 Nxd4 32. exd4 Qf8 33. Qxd5+
Kh8 34. Qxe4 Rh6 35. Rc3 Rf6 36. f3 h5 37. Qxb7 Kh7 38. Qe4+ Kh6 39. b7 Qb4 40.
Qe3+ Kh7 41. Rb3 Qc4 42. Qd3+  1-0

[Event "Frauenbundesliga 2018/2019"]
[Site "St.Veit/Glan Fuchspalast & Blumenhalle; Jenbach Veranstaltungszentrum"]
[Date "2019.03.31"]
[Round "7"]
[Board "1"]
[White "Richterova, Natasa"]
[Black "Imnadze, Nato"]
[Result "1/2-1/2"]
[WhiteElo "2227"]
[BlackElo "2251"]
[PlyCount "119"]
[EventDate "2018.11.17"]
[EventType "team"]
[EventRounds "7"]
[EventCountry "AUT"]
[WhiteTeam "Spg Steyr"]
[BlackTeam "SK Advisory Invest Baden"]

1. e4 {[%emt 0:00:00]} e5 2. Nf3 Nc6 3. Bc4 Bc5 4. c3 Nf6 5. d3 O-O 6. O-O d6
7. Nbd2 a6 8. Bb3 h6 9. Re1 Be6 10. h3 Re8 11. Nf1 d5 12. Ng3 Qd7 13. exd5 Bxd5
14. Ne4 Be7 15. Bc2 Rad8 16. Qe2 Be6 17. Ng3 Bf8 18. Kh2 Nd5 19. Be3 f5 20. Bd2
Nf4 21. Nxe5 Nxe5 22. Bxf4 Ng6 23. Bd2 Bd6 24. Qh5 f4 25. Ne4 Bf7 26. Bb3 Ne5
27. Bxf7+ Qxf7 28. Qxf7+ Kxf7 29. Nxd6+ cxd6 30. Bxf4 Nxd3 31. Rxe8 Kxe8 32.
Be3 Nxb2 33. Rb1 Nc4 34. Rxb7 Nxe3 35. fxe3 Kf8 36. Kg3 Rc8 37. Rb3 Rc4 38. Ra3
Ke7 39. Kf3 Ke6 40. Ke2 a5 41. Kd3 Rc5 42. Ra4 h5 43. Re4+ Kd7 44. c4 Kc6 45.
Kd4 Kd7 46. h4 g5 47. g3 Rf5 48. g4 hxg4 49. h5 Rf2 50. Rxg4 Rxa2 51. Rxg5 a4
52. c5 dxc5+ 53. Rxc5 a3 54. Ra5 Rh2 55. Rxa3 Rxh5 56. Ra6 Ke7 57. e4 Rg5 58.
Rc6 Kd7 59. Rf6 Ke7 60. Rc6  1/2-1/2

[Event "Frauenbundesliga 2018/2019"]
[Site "St.Veit/Glan Fuchspalast & Blumenhalle; Jenbach Veranstaltungszentrum"]
[Date "2019.03.31"]
[Round "7"]
[Board "2"]
[White "Trippold, Denise"]
[Black "Saler-Grafenberger, Elisabeth"]
[Result "1-0"]
[WhiteElo "2162"]
[BlackElo "1860"]
[PlyCount "51"]
[EventDate "2018.11.17"]
[EventType "team"]
[EventRounds "7"]
[EventCountry "AUT"]
[WhiteTeam "SK Advisory Invest Baden"]
[BlackTeam "Spg Steyr"]

1. c4 Nf6 2. g3 e5 3. Bg2 g6 4. Nc3 Bg7 5. e4 O-O 6. Nge2 d6 7. d3 c6 8. O-O
Qc7 9. h3 Nbd7 10. Be3 a6 11. Rc1 Re8 12. Qd2 Nf8 13. f4 exf4 14. gxf4 N8d7 15.
d4 Nh5 16. Bf3 Qa5 17. Kh2 Nf8 18. b4 Qxb4 19. Bxh5 gxh5 20. f5 f6 21. Rg1 d5
22. Bh6 Re7 23. Nxd5 Qxd2 24. Nxe7+ Kf7 25. Rxg7+ Ke8 26. Bxd2  1-0